شرح ابن عقيل على الفية ابن مالك. ومعه كتاب منحة الجليل بتحقيق شرح ابن عقيل ;; sharah abn eaqil ealaa alfiat abn malka. wamaeah kitab minhat aljalil bitahqiq sharh abn eaqil / (Record no. 78434)
[ view plain ]
| 000 -LEADER | |
|---|---|
| fixed length control field | 01278aaa a2200241 a 4500 |
| 001 - CONTROL NUMBER | |
| control field | 78434 |
| 003 - CONTROL NUMBER IDENTIFIER | |
| rucl marc code | BD-RjUL |
| 005 - DATE AND TIME OF LATEST TRANSACTION | |
| control field | 20211209083129.0 |
| 008 - FIXED-LENGTH DATA ELEMENTS--GENERAL INFORMATION | |
| fixed length control field | 210922s20051426ms ||||| |||| 00| 0 ara d |
| 035 ## - SYSTEM CONTROL NUMBER | |
| System control number | (BD-RjUL)78660 |
| 040 ## - CATALOGING SOURCE | |
| Original cataloging agency | BD-RjUL |
| Language of cataloging | eng |
| Transcribing agency | BD-RjUL |
| Modifying agency | BD-RjUL |
| 041 ## - LANGUAGE CODE | |
| Language code of text/sound track or separate title | ara |
| 082 ## - DEWEY DECIMAL CLASSIFICATION NUMBER | |
| Edition number | 23 |
| Classification number | 492.75 |
| Author mark and year | IBS 2005 |
| 100 ## - MAIN ENTRY--PERSONAL NAME | |
| Personal name | Hamid, Mohamed Mohi al Din Abdul |
| 9 (RLIN) | 248275 |
| 245 ## - TITLE STATEMENT | |
| Title | شرح ابن عقيل على الفية ابن مالك. ومعه كتاب منحة الجليل بتحقيق شرح ابن عقيل ;; sharah abn eaqil ealaa alfiat abn malka. wamaeah kitab minhat aljalil bitahqiq sharh abn eaqil / |
| Remainder of title | Baha Al-Din Abdullah bin Abdul Rahman bin Aqeel ;; بهاء الدين عبد الله بن عبد الرحمن بن عقيل |
| Statement of responsibility, etc. | تأليف محمد محي الدين عبد الحميد ;; Mohamed Mohi al Din Abdul Hamid |
| 250 ## - EDITION STATEMENT | |
| Edition statement | New revised edition ;;; طبعة جديدة منقحه |
| 260 ## - PUBLICATION, DISTRIBUTION, ETC. (IMPRINT) | |
| Place of publication, distribution, etc. | القاهرة : ;; Cairo : |
| Name of publisher, distributor, etc. | مكتبة دار التراث , ;; maktabat dar alturath , |
| Date of publication, distribution, etc. | ٢٠٠٥ ;; 2005 |
| 300 ## - PHYSICAL DESCRIPTION | |
| Pagination | v. ; |
| Size | 23 cm |
| 505 ## - FORMATTED CONTENTS NOTE | |
| Formatted contents note | Vol. 3.-- |
| 650 ## - SUBJECT ADDED ENTRY--TOPICAL TERM | |
| Topical term or geographic name as entry element | Arabic language |
| Form subdivision | Grammar. |
| 9 (RLIN) | 248277 |
| 700 ## - ADDED ENTRY--PERSONAL NAME | |
| Personal name | ابن عقيل, بهاء الدين عبد الله بن عبد الرحمن,. |
| Dates associated with a name | 1297-1367 |
| 942 ## - ADDED ENTRY ELEMENTS (KOHA) | |
| Source of classification or shelving scheme | Dewey Decimal Classification |
| Koha item type | Books |
| Lost status | Source of classification or shelving scheme | Damaged status | Not for loan | Collection code | Permanent Location | Current Location | Shelving location | Date acquired | Source of acquisition | Cost, normal purchase price | Total Checkouts | Full call number | Date last seen | Copy number | Koha item type |
|---|---|---|---|---|---|---|---|---|---|---|---|---|---|---|---|
| Dewey Decimal Classification | Not For Loan | Non-fiction | Central Library, University of Rajshahi | Central Library, University of Rajshahi | Reading Room | 16/06/2008 | Dhaka : Maktabat al Arabiah | 450.00 | A 492.75 IBS V-3 2005 | 22/09/2021 | C-1 | Books |